Berühmte jüdische Schauspieler und Prominente - Statistiken

Allgemein
  • Dieses Quiz wurde 143 mal gespielt
  • Das Durchschnittsergebnis liegt bei 4 aus 21
Answers on the Grid
Answers color-coded by a green-red scale on the quiz's grid according to % correct below.
Ryan Gosling
Adam Sandler
Denzel Washington
Ben Stiller
Mark Zuckerberg
Robert Downey jr.
Natalie Portman
Mark Wahlberg
Mila Kunis
Andrew Garfield
Zoë Kravitz
Ice Cube
Scarlett Johansson
Adrien Brody
Daniel Radcliffe
Jack Black
Sarah Jessica Parker
Mos Def
Tom Hanks
Paul Rudd
Dwayne "The Rock" Johnson
Joaquin Phoenix
Russell Crowe
Harrison Ford
Jake Gyllenhaal
Mel Gibson
Chris Pratt
Wolodymir Selenskyj
Nick Jonas
Daniel Day-Lewis
Bella Hadid
Nicole Kidman
Jennifer Garner
Paul Walker
Gwyneth Paltrow
Chuck Norris
Dustin Hoffman
Kevin James
 
Antwortstatistiken
Antwort % Korrekt
Adam Sandler
55%
Mark Zuckerberg
49%
Natalie Portman
42%
Ben Stiller
41%
Wolodymir Selenskyj
31%
Mila Kunis
28%
Dustin Hoffman
26%
Adrien Brody
22%
Zoë Kravitz
20%
Paul Rudd
15%
Scarlett Johansson
14%
Jake Gyllenhaal
12%
Andrew Garfield
11%
Sarah Jessica Parker
11%
Daniel Day-Lewis
9%
Robert Downey jr.
9%
Gwyneth Paltrow
8%
Joaquin Phoenix
8%
Daniel Radcliffe
7%
Harrison Ford
5%
Jack Black
5%
Keine übereinstimmenden Quizze gefunden
Verteilung der Resultate
Anzahl Personen mit jedem Resultat
Perzentil nach korrekt beantworteten Fragen
Ihre Resultats-Entwicklung
Sie haben dieses Quiz noch nicht gespielt